Представление документа в формате MARC21

Поле Инд. ПП Название Значение
Тип записи a
Библиографический уровень b
001 Контрольный номер UNIDUBNA2b08f49fc29d4a859402e70f4ba42eb9
005 Дата корректировки 20240416142128.0
008 Кодируемые данные 20170331
040 b Код языка каталог. rus
e Правила каталог. PSBO
041 0_ a Код языка текста rus
084 a Индекс другой классификации/Индекс ББК 60.941.6; 60.953; 60.992
100 1_ a Автор Григорьева С. А.
q Полное имя Григорьева Светлана Анатольевна
245 10 a Заглавие Общественная забота о пожилых в условиях пандемии: проблемы и инновации
504 a Библиография Лит. в конце статьи.
520 0_ a Аннотация Статья посвящена вопросу оказания помощи пожилым людям в условиях пандемии. Анализируются изменения, произошедшие в системе социальной работы. Акцентируется внимание на появлении и преимуществах формата активного старения в условиях пандемии.
650 14 a Основная рубрика социальная работа
653 0_ a Ключевые слова "Московское долголетие" (проект)
a Ключевые слова активное долголетие
a Ключевые слова виртуальное общение
a Ключевые слова волонтерство
a Ключевые слова некоммерческие организации (НКО)
a Ключевые слова онлайн-технологии
a Ключевые слова пандемия
a Ключевые слова пожилые люди
a Ключевые слова помощь на дому
a Ключевые слова психологическая поддержка
a Ключевые слова реабилитационная работа
a Ключевые слова Россия
a Ключевые слова самообслуживание
a Ключевые слова соседские сообщества
a Ключевые слова социальное обслуживание
a Ключевые слова социальные проекты
a Ключевые слова старение
a Ключевые слова трудная жизненная ситуация
773 08 t Заглавие источника Отечественный журнал социальной работы
d Дата издания источника 2022
g Прочая информация № 1. - С. 119 - 123
w Контрольный № источника UNIDUBNA45100639bc22430d95033f6c974e242b
901 t Тип документа b